<?xml version="1.0" encoding="UTF-8"?><?xml-stylesheet type="text/xsl" href="static/style.xsl"?><OAI-PMH xmlns="http://www.openarchives.org/OAI/2.0/" xmlns:xsi="http://www.w3.org/2001/XMLSchema-instance" xsi:schemaLocation="http://www.openarchives.org/OAI/2.0/ http://www.openarchives.org/OAI/2.0/OAI-PMH.xsd"><responseDate>2026-06-29T02:38:59Z</responseDate><request verb="GetRecord" identifier="oai:docta.ucm.es:20.500.14352/133613" metadataPrefix="marc">https://docta.ucm.es/rest/oai/request</request><GetRecord><record><header><identifier>oai:docta.ucm.es:20.500.14352/133613</identifier><datestamp>2026-03-03T00:55:34Z</datestamp><setSpec>com_20.500.14352_14</setSpec><setSpec>col_20.500.14352_15</setSpec></header><metadata><record xmlns="http://www.loc.gov/MARC21/slim" xmlns:dcterms="http://purl.org/dc/terms/" xmlns:xsi="http://www.w3.org/2001/XMLSchema-instance" xmlns:doc="http://www.lyncode.com/xoai" xsi:schemaLocation="http://www.loc.gov/MARC21/slim http://www.loc.gov/standards/marcxml/schema/MARC21slim.xsd">
   <leader>00925njm 22002777a 4500</leader>
   <datafield ind2=" " ind1=" " tag="042">
      <subfield code="a">dc</subfield>
   </datafield>
   <datafield ind2=" " ind1=" " tag="720">
      <subfield code="a">Cornetta, G.</subfield>
      <subfield code="e">author</subfield>
   </datafield>
   <datafield ind2=" " ind1=" " tag="720">
      <subfield code="a">Touhafi, Abdellah</subfield>
      <subfield code="e">author</subfield>
   </datafield>
   <datafield ind2=" " ind1=" " tag="720">
      <subfield code="a">Contreras Martínez, Jorge</subfield>
      <subfield code="e">author</subfield>
   </datafield>
   <datafield ind2=" " ind1=" " tag="720">
      <subfield code="a">Zaragoza, Alberto</subfield>
      <subfield code="e">author</subfield>
   </datafield>
   <datafield ind2=" " ind1=" " tag="260">
      <subfield code="c">2025-12-25</subfield>
   </datafield>
   <datafield ind2=" " ind1=" " tag="520">
      <subfield code="a">This work presents a unified framework for multiobjective analog circuit optimization that combines surrogate modeling, uncertainty-aware evolutionary search, and adaptive high-fidelity verification. The approach integrates ensemble regressors and graph-based surrogate models with a closed-loop multi-fidelity controller that selectively invokes SPICE evaluations based on predictive uncertainty and diversity criteria. The framework includes reproducible caching, metadata tracking, and process- and Dask-based parallelism to reduce redundant simulations and improve throughput. The methodology is evaluated on four CMOS operational-amplifier topologies using NSGA-II, NSGA-III, SPEA2, and MOEA/D under a uniform configuration to ensure fair comparison. Surrogate-Guided Optimization (SGO) replaces approximately 96.5% of SPICE calls with fast model predictions, achieving about a 20× reduction in total simulation time while maintaining close agreement with ground-truth Pareto fronts. Multi-Fidelity Optimization (MFO) further improves robustness through adaptive verification, reducing SPICE usage by roughly 90%. The results show that the proposed workflow provides substantial computational savings with consistent Pareto-front quality across circuit families and algorithms. The framework is modular and extensible, enabling quantitative evaluation of analog circuits with significantly reduced simulation cost.</subfield>
   </datafield>
   <datafield ind1="8" ind2=" " tag="024">
      <subfield code="a">Cornetta, G.; Touhafi, A.; Contreras, J.; Zaragoza, A. Multi-Fidelity Surrogate Models for Accelerated Multi-Objective Analog Circuit Design and Optimization. Electronics 2026, 15, 105. https://doi.org/10.3390/electronics15010105</subfield>
   </datafield>
   <datafield ind1="8" ind2=" " tag="024">
      <subfield code="a">10.3390/ELECTRONICS15010105</subfield>
   </datafield>
   <datafield ind1="8" ind2=" " tag="024">
      <subfield code="a">https://hdl.handle.net/20.500.14352/133613</subfield>
   </datafield>
   <datafield ind1="8" ind2=" " tag="024">
      <subfield code="a">https://doi.org/10.3390/ELECTRONICS15010105</subfield>
   </datafield>
   <datafield ind2="0" ind1="0" tag="245">
      <subfield code="a">Multi-fidelity surrogate models for accelerated multi-objective analog circuit design and optimization</subfield>
   </datafield>
</record></metadata></record></GetRecord></OAI-PMH>